00337nam a2200133 450000500170000000800410001702000180005808200200007610000160009624500230011226000440013530000090017965000150018820260505113623.0260505b |||||||| |||| 00| 0 eng d a9780748645527 a428.0071bFAR-P aFarr Fiona  aPractice In Tesol  aEdinburgh bEdinburgh University Press  a210p aEducation